| 000 | 00813nam a2200241 a 4500 | ||
|---|---|---|---|
| 005 | 20220916063601.0 | ||
| 008 | 140520s2006 es r 000 0 spa d | ||
| 020 | _a847871586X | ||
| 035 | _aUPN01000197319 | ||
| 049 | _aI | ||
| 050 | 4 |
_aPZ36.3 _bL8.73 |
|
| 100 | 1 |
_aLuciani, Brigitte, _d1966- _933409 |
|
| 245 | 1 | 0 |
_aTentempié, mapache y pelusa : _bel encuentro / _cBrigitte Luciani y Eve Tharlet ; tr. Josep Escarré. |
| 260 |
_aBarcelona [Esp.] : _bRBA, _cc2006. |
||
| 300 |
_a32 p. : _bprincipalmente il. col. |
||
| 440 | 0 | _aMolino | |
| 534 |
_pTítulo original: _tMonsieur Blaireau et Madame Renarde 1/ La rencontre |
||
| 650 | 0 |
_aAnimales _vCuentos y leyendas _9234 |
|
| 650 | 7 |
_aLibros ilustrados para niños _2 _921365 |
|
| 700 | 1 |
_aTharlet, Eve, _ecoaut. |
|
| 905 | _aInfantil | ||
| 999 |
_c169420 _d169420 |
||